Technology today and tommorow (Record no. 581200)

000 -LEADER
fixed length control field 00423nam a22001697a 4500
003 - CONTROL NUMBER IDENTIFIER
control field CEME
005 - DATE AND TIME OF LATEST TRANSACTION
control field 20210628205508.0
008 - FIXED-LENGTH DATA ELEMENTS--GENERAL INFORMATION
fixed length control field 210305b xxu||||| |||| 00| 0 eng d
020 ## - INTERNATIONAL STANDARD BOOK NUMBER
International Standard Book Number 0-02-668090-4
040 ## - CATALOGING SOURCE
Transcribing agency .
082 ## - DEWEY DECIMAL CLASSIFICATION NUMBER
Classification number 600 FAL'T
100 ## - MAIN ENTRY--PERSONAL NAME
Personal name Fales, James F Kuetemeyer Vincent F
9 (RLIN) 75797
245 ## - TITLE STATEMENT
Title Technology today and tommorow
260 ## - PUBLICATION, DISTRIBUTION, ETC.
Place of publication, distribution, etc. NEWYORK
Name of publisher, distributor, etc. GLENCO
Date of publication, distribution, etc. 1988
300 ## - PHYSICAL DESCRIPTION
Extent 448P EACH
942 ## - ADDED ENTRY ELEMENTS (KOHA)
Koha item type Book
Source of classification or shelving scheme
Holdings
Withdrawn status Lost status Source of classification or shelving scheme Damaged status Not for loan Permanent Location Current Location Shelving location Date acquired Full call number Barcode Date last seen Price effective from Koha item type Public note
          College of Electrical & Mechanical Engineering (CEME) College of Electrical & Mechanical Engineering (CEME) General Stacks 05/24/2017 600 FAL'T CEME-32072 06/28/2021 06/28/2021 Book 3.8
          College of Electrical & Mechanical Engineering (CEME) College of Electrical & Mechanical Engineering (CEME) General Stacks 05/24/2017 600 FAL'T CEME-32073 06/28/2021 06/28/2021 Book 3.8
          College of Electrical & Mechanical Engineering (CEME) College of Electrical & Mechanical Engineering (CEME) General Stacks 05/30/2017 600 FAL'T CEME-32420 06/28/2021 06/28/2021 Book 3.8
© 2023 Central Library, National University of Sciences and Technology. All Rights Reserved.